| 000 | 00538nam a2200157Ia 4500 | ||
|---|---|---|---|
| 008 | 170221s9999 xx 000 0 und d | ||
| 100 | _aFariba Azizzadeh. | ||
| 245 | _aVirtual Communities of Police Service Support: Providing SWOT Model in Line with the Order and Security | ||
| 245 | _cFariba Azizzadeh, Yosef Latifi, Samira Azizzadeh. | ||
| 260 | _bOnline Journal of Communication and Media Technologies | ||
| 260 | _c2013 | ||
| 300 | _a1 : | ||
| 650 | _xCommunication | ||
| 650 | _xMedia Arts | ||
| 856 | _uhttp://www.ojcmt.net/ | ||
| 999 |
_c308823 _d308823 |
||